Standard handbook for electrical engineers. (Record no. 10572)
[ view plain ]
| 000 -LEADER | |
|---|---|
| fixed length control field | 01009cas a22002771 4500 |
| 090 ## - LOCALLY ASSIGNED LC-TYPE CALL NUMBER (OCLC); LOCAL CALL NUMBER (OCLC) | |
| -- | 0 |
| 001 - CONTROL NUMBER | |
| control field | 11149303 |
| 005 - DATE AND TIME OF LATEST TRANSACTION | |
| control field | 20020305085134.0 |
| 008 - FIXED-LENGTH DATA ELEMENTS--GENERAL INFORMATION | |
| fixed length control field | 751101c19089999nyu x 0 a0eng |
| 010 ## - LIBRARY OF CONGRESS CONTROL NUMBER | |
| LC control number | 56006964 |
| 035 ## - SYSTEM CONTROL NUMBER | |
| System control number | (OCoLC)ocm01772956 |
| 040 ## - CATALOGING SOURCE | |
| Original cataloging agency | DLC |
| Transcribing agency | MnMULS |
| Modifying agency | DLC |
| -- | NST |
| -- | N |
| -- | OCoLC |
| -- | NST |
| -- | MH |
| -- | NST |
| -- | InU |
| -- | OCoLC |
| 042 ## - AUTHENTICATION CODE | |
| Authentication code | lc |
| 050 00 - LIBRARY OF CONGRESS CALL NUMBER | |
| Classification number | TK151 |
| Item number | .S8 |
| 082 ## - DEWEY DECIMAL CLASSIFICATION NUMBER | |
| Classification number | 621.3 |
| Item number | STA |
| 245 00 - TITLE STATEMENT | |
| Title | Standard handbook for electrical engineers. |
| 260 ## - PUBLICATION, DISTRIBUTION, ETC. (IMPRINT) | |
| Place of publication, distribution, etc | New York, |
| Name of publisher, distributor, etc | McGraw-Hill. |
| Date of publication, distribution, etc | c.2007. |
| 300 ## - PHYSICAL DESCRIPTION | |
| Extent | v. |
| Other physical details | diagrs., tables. |
| Dimensions | 18-24 cm. |
| 500 ## - GENERAL NOTE | |
| General note | Editors: 4th-6th, F. F. Fowle; 7th- A. E. Knowlton. |
| 650 #0 - SUBJECT ADDED ENTRY--TOPICAL TERM | |
| Topical term or geographic name as entry element | Electric engineering |
| Form subdivision | Handbooks, manuals, etc. |
| 936 ## - OCLC/CONSER MISCELLANEOUS DATA (OCLC); PIECE USED FOR CATALOGING (pre-AACR2) (RLIN) | |
| OCLC control number(s) of parallel record(s) (OCLC); Piece used for cataloging, PUC (RLIN) | Unknown |
| -- | 1978 (surrogate) |
| 942 ## - ADDED ENTRY ELEMENTS (KOHA) | |
| Source of classification or shelving scheme | Dewey Decimal Classification |
| Item type | Book - Borrowing |
| Withdrawn status | Item status | Source of classification or shelving scheme | Damaged status | Not for loan | Vendor | Home library | Current library | Shelving location | Date acquired | Source of acquisition | Cost, normal purchase price | Serial Enumeration / chronology | Total Checkouts | Full call number | Barcode | Date last seen | Koha item type |
|---|---|---|---|---|---|---|---|---|---|---|---|---|---|---|---|---|---|
| Dewey Decimal Classification | Alahram | Central Library | Central Library | First floor | 01/02/2009 | 923.10 | 06456 | 621.3 STA | 000014590 | 15/07/2025 | Book - Borrowing |